| 000 | 00462nam a2200181Ia 4500 | ||
|---|---|---|---|
| 008 | 180207s9999 xx 000 0 und d | ||
| 020 | _a9780545912266 | ||
| 050 | _bB499 2014 | ||
| 100 | _aBergren, Lisa Town | ||
| 245 | _aGod gave us angels / | ||
| 245 | _cby Lisa Town Bergren ; art by Laura J. Bryant. | ||
| 260 | _aNew York : | ||
| 260 | _bScholastic, | ||
| 260 | _c2014 | ||
| 300 | _aunpaged : | ||
| 300 | _bcolor illustration ; | ||
| 300 | _c20cm. | ||
| 999 |
_c355507 _d355507 |
||